| 000 | 00710nam a2200241Ia 4500 | ||
|---|---|---|---|
| 001 | 1914 | ||
| 005 | 20240113233520.0 | ||
| 007 | ta | ||
| 008 | 050217s1996 a g b000 u eng u | ||
| 040 | _aCotton College,Assam | ||
| 041 | _aeng | ||
| 082 |
_a420 _bCh 35 Ox |
||
| 100 | _aChalker, Sylvia . | ||
| 245 | 0 |
_aThe Oxford Dictionary of English Grammar / _cSylvia Chalker & Edmund Weiner. _hTextual Documents |
|
| 260 |
_aNew York : _bOxford university , _c1996. |
||
| 300 |
_a443p. : _bill ; _c20cm. . |
||
| 653 | _aDictionare s-English Grammar | ||
| 653 | _aEnglish Grammar-Dictionaries | ||
| 653 | _aReference-Dictionaries | ||
| 942 |
_2ddc _cBK |
||
| 999 |
_c1907 _d1907 |
||